<?xml version="1.0" encoding="UTF-8"?>
<record
    xmlns:xsi="http://www.w3.org/2001/XMLSchema-instance"
    xsi:schemaLocation="http://www.loc.gov/MARC21/slim http://www.loc.gov/standards/marcxml/schema/MARC21slim.xsd"
    xmlns="http://www.loc.gov/MARC21/slim">

  <leader>00827nam a2200193 a 4500</leader>
  <controlfield tag="001">000036711</controlfield>
  <controlfield tag="005">20200930075905.0</controlfield>
  <controlfield tag="008">120125s1997    es a          000 0 spa d</controlfield>
  <datafield tag="020" ind1=" " ind2=" ">
    <subfield code="a">8478203648</subfield>
  </datafield>
  <datafield tag="040" ind1=" " ind2=" ">
    <subfield code="a">DO-SdBNP</subfield>
    <subfield code="b">spa</subfield>
    <subfield code="c">BNPHU</subfield>
  </datafield>
  <datafield tag="100" ind1=" " ind2=" ">
    <subfield code="a">Nebra, Jos&#xE9; de</subfield>
    <subfield code="c">1702-1768.</subfield>
    <subfield code="9">63011</subfield>
  </datafield>
  <datafield tag="245" ind1="1" ind2="0">
    <subfield code="a">Para obsequio a la deydad :</subfield>
    <subfield code="b">nunca es culto la crueldad :y Iphigenia en Tracia /</subfield>
    <subfield code="c">Jos&#xE9; de Nebra ; texto de Nicol&#xE1;s Gonz&#xE1;lez Mart&#xED;nez ; estudio y transcripci&#xF3;n Mar&#xED;a Salud &#xC1;lvarez Mart&#xED;nez.</subfield>
  </datafield>
  <datafield tag="260" ind1=" " ind2=" ">
    <subfield code="a">Zaragoza :</subfield>
    <subfield code="b">Instituci&#xF3;n Fernando el Cat&#xF3;lico,</subfield>
    <subfield code="c">1997.</subfield>
  </datafield>
  <datafield tag="300" ind1=" " ind2=" ">
    <subfield code="a">1 partitura (383 p.) ;</subfield>
    <subfield code="c">32 cm.</subfield>
  </datafield>
  <datafield tag="490" ind1="1" ind2=" ">
    <subfield code="a">Obra selecta.</subfield>
    <subfield code="a">M&#xFA;sica esc&#xE9;nica ;</subfield>
    <subfield code="v">2</subfield>
  </datafield>
  <datafield tag="700" ind1="1" ind2="2">
    <subfield code="a">&#xC1;lvarez Mart&#xED;nez, Mar&#xED;a Salud</subfield>
    <subfield code="9">63012</subfield>
  </datafield>
  <datafield tag="700" ind1="1" ind2="2">
    <subfield code="a">Gonz&#xE1;lez Mart&#xED;nez, Nicol&#xE1;s</subfield>
    <subfield code="9">63013</subfield>
  </datafield>
  <datafield tag="830" ind1=" " ind2="0">
    <subfield code="a">Obra selecta.</subfield>
    <subfield code="p">M&#xFA;sica esc&#xE9;nica</subfield>
    <subfield code="v">2</subfield>
    <subfield code="9">63014</subfield>
  </datafield>
  <datafield tag="952" ind1=" " ind2=" ">
    <subfield code="0">0</subfield>
    <subfield code="1">0</subfield>
    <subfield code="5">0</subfield>
    <subfield code="7">1</subfield>
    <subfield code="8">MO</subfield>
    <subfield code="a">GR</subfield>
    <subfield code="b">GR</subfield>
    <subfield code="c">CT</subfield>
    <subfield code="d">2012-01-25</subfield>
    <subfield code="i">LF1</subfield>
    <subfield code="l">0</subfield>
    <subfield code="o"> </subfield>
    <subfield code="p">36711-10</subfield>
    <subfield code="r">2020-06-25</subfield>
    <subfield code="w">2020-06-25</subfield>
    <subfield code="y">1</subfield>
    <subfield code="Z">No se presta</subfield>
  </datafield>
  <datafield tag="999" ind1=" " ind2=" ">
    <subfield code="c">36202</subfield>
    <subfield code="d">36202</subfield>
  </datafield>
</record>
